000
00297nam a2200109Ia 4500
008
200302s9999 xx 000 0 und d
100
_a
Crutis Fentress
245
_a
Touchstones Of Design: Redefining Public Architecture
260
_b
Images Publishing, Austraila
260
_c
2010
300
_a
128 P
999
_c
4949
_d
4949